000 00635nam a2200217Ia 4500
005 20241129110013.0
008 241129s9999||||xx |||||||||||||| ||und||
020 _a978-0-691-19859-0
037 _aTB
040 _aARTS
_beng
_cARTS
041 _aeng
_2eng
084 _aQ R0
_qARTS
100 _aWuthnow Robert Au.
_9726814
245 0 _aWhat appens when we practice religion?: textures of devotion in ordinary life
_cWuthnow Robert Au.
260 _aPrinceton, UK
_bPrinceton University Press
_c2023
300 _aix,242p.
365 _aUSD
_b32
650 _aReligion
942 _cTB
_hQ R0
999 _c1226950
_d1226950